Handbook of Navigation and Observation (Record no. 486391)

MARC details
000 -LEADER
fixed length control field 00534nam a2200193Ia 4500
008 - FIXED-LENGTH DATA ELEMENTS--GENERAL INFORMATION
fixed length control field 210417s9999 xx 000 0 und d
020 ## - INTERNATIONAL STANDARD BOOK NUMBER
International Standard Book Number 9781632402806
-- 1632402807
082 ## - DEWEY DECIMAL CLASSIFICATION NUMBER
Classification number 629.4 COO.2
Item number 22.629.4 COO.0.2
245 #0 - TITLE STATEMENT
Title Handbook of Navigation and Observation
Statement of responsibility, etc. Handbook of Navigation and Observation
250 ## - EDITION STATEMENT
Remainder of edition statement "vi,197p.:ill.;hbk"
260 ## - PUBLICATION, DISTRIBUTION, ETC.
Place of publication, distribution, etc. New Jersey
Name of publisher, distributor, etc. Clanrye International
Date of publication, distribution, etc. 2015
700 ## - ADDED ENTRY--PERSONAL NAME
Personal name "Cooper , Stuart"
Numeration Edited by Stuart Cooper
Holdings
Withdrawn status Lost status Source of classification or shelving scheme Damaged status Not for loan Home library Current library Shelving location Date acquired Total Checkouts Full call number Barcode Date last seen Price effective from Koha item type
    Dewey Decimal Classification     Anna Centenary Library Anna Centenary Library 6TH FLOOR, A WING 17.04.2021   629.4 COO.2 606442 09.02.2026 17.04.2021 Books

Find us on the map